000 00731nam a2200253Ia 4500
003 OSt
005 20220928102128.0
006 a|||||r|||| 00| 0
007 ta
008 220927b |||||||| |||| 00| 0 hin d
020 _cINR 295.00
024 _a134649
037 _b61, 23/02/2017, Kiran Book Service
_cTextual
040 _aSDCL
_cSDCL
_bhin
041 _2hin
_ahin
082 _aO152,3N80, Q6
100 _aDangi Indira
_9396724
245 0 _aEk sau pachas premikayen
260 _aNew Delhi
_bRajkamal Prakashan
_c2016
300 _a143p.
_ccm.
650 _aHindi
_9391598
942 _hO152,3N80, Q6
_cTEXL
_2CC
999 _c712483
_d712483